000 00288nam a22001337a 4500
008 170928b xxu||||| |||| 00| 0 eng d
020 _a9780030971754
041 _aeng
080 _a37
100 _a47
101 _aedu
245 _aENGLISH WORK SHOP
_cRINE HART
942 _2udc
_cBK
999 _c30580
_d30580